<?xml version="1.0" encoding="UTF-8"?>
<record
    xmlns:xsi="http://www.w3.org/2001/XMLSchema-instance"
    xsi:schemaLocation="http://www.loc.gov/MARC21/slim http://www.loc.gov/standards/marcxml/schema/MARC21slim.xsd"
    xmlns="http://www.loc.gov/MARC21/slim">

  <leader>01826nam a2200373   4500</leader>
  <controlfield tag="001">000</controlfield>
  <controlfield tag="005">20150519143945.0</controlfield>
  <controlfield tag="007">000</controlfield>
  <controlfield tag="008">000  </controlfield>
  <datafield tag="010" ind1=" " ind2=" ">
    <subfield code="a">   94980164 </subfield>
  </datafield>
  <datafield tag="020" ind1=" " ind2=" ">
    <subfield code="a">9290532769</subfield>
  </datafield>
  <datafield tag="040" ind1=" " ind2=" ">
    <subfield code="a">UOEL</subfield>
    <subfield code="c">DLC</subfield>
  </datafield>
  <datafield tag="041" ind1="0" ind2=" ">
    <subfield code="a">engfre</subfield>
    <subfield code="b">engfre</subfield>
  </datafield>
  <datafield tag="042" ind1=" " ind2=" ">
    <subfield code="a">lcode</subfield>
  </datafield>
  <datafield tag="043" ind1=" " ind2=" ">
    <subfield code="a">fw-----</subfield>
  </datafield>
  <datafield tag="050" ind1="0" ind2="0">
    <subfield code="a">SF180</subfield>
    <subfield code="b">.W47 1990</subfield>
  </datafield>
  <datafield tag="082" ind1="0" ind2="0">
    <subfield code="a">636.088/2/0966</subfield>
    <subfield code="2">20</subfield>
  </datafield>
  <datafield tag="110" ind1="2" ind2=" ">
    <subfield code="a">West Africa Animal Traction Network.</subfield>
    <subfield code="b">Workshop</subfield>
    <subfield code="n">(4th :</subfield>
    <subfield code="d">1990 :</subfield>
    <subfield code="c">Kano, Nigeria)</subfield>
  </datafield>
  <datafield tag="245" ind1="1" ind2="0">
    <subfield code="a">Research for development of animal traction in West Africa :</subfield>
    <subfield code="b">proceedings of the Fourth Workshop of the West Africa Animal Traction Network, Kano, Nigeria, 9-13 July 1990 /</subfield>
    <subfield code="c">editors, P.R  Lawrence ... [et al.] = Recherche pour le d&#xE9;veloppement de la traction animale en Afrique de l'Ouest : actes du quatri&#xE8;me Atelier r&#xE9;gional du R&#xE9;seau ouest-africain sur la traction animale, organis&#xE9; &#xE0; Kano (Nig&#xE9;ria) du 9 au 13 juillet, 1990 / publi&#xE9;s sous la direction de P.R. Lawrence ...[et al.].</subfield>
  </datafield>
  <datafield tag="260" ind1=" " ind2=" ">
    <subfield code="a">Addis Ababa, Ethiopia :</subfield>
    <subfield code="b">International Livestock Centre for Africa,</subfield>
    <subfield code="c">c1994.</subfield>
  </datafield>
  <datafield tag="300" ind1=" " ind2=" ">
    <subfield code="a">xvi, 306 p. :</subfield>
    <subfield code="b">ill. ;</subfield>
    <subfield code="c">30 cm.</subfield>
  </datafield>
  <datafield tag="500" ind1=" " ind2=" ">
    <subfield code="a">In English, with some French; abstracts in English and French.</subfield>
  </datafield>
  <datafield tag="504" ind1=" " ind2=" ">
    <subfield code="a">Includes bibliographical references.</subfield>
  </datafield>
  <datafield tag="650" ind1=" " ind2="0">
    <subfield code="a">Animal traction</subfield>
    <subfield code="z">Africa, West</subfield>
    <subfield code="x">Congresses.</subfield>
  </datafield>
  <datafield tag="650" ind1=" " ind2="0">
    <subfield code="a">Draft animals</subfield>
    <subfield code="z">Africa, West</subfield>
    <subfield code="x">Congresses.</subfield>
  </datafield>
  <datafield tag="650" ind1=" " ind2="0">
    <subfield code="a">Animal traction</subfield>
    <subfield code="x">Research</subfield>
    <subfield code="z">Africa, West</subfield>
    <subfield code="x">Congresses.</subfield>
  </datafield>
  <datafield tag="650" ind1=" " ind2="0">
    <subfield code="a">Draft animals</subfield>
    <subfield code="x">Research</subfield>
    <subfield code="z">Africa, West</subfield>
    <subfield code="x">Congresses.</subfield>
  </datafield>
  <datafield tag="700" ind1="1" ind2=" ">
    <subfield code="a">Lawrence, P. R., 1945-</subfield>
  </datafield>
  <datafield tag="710" ind1="2" ind2=" ">
    <subfield code="a">West Africa Animal Traction Network.</subfield>
  </datafield>
  <datafield tag="710" ind1="2" ind2=" ">
    <subfield code="a">International Livestock Centre for Africa.</subfield>
  </datafield>
  <datafield tag="906" ind1=" " ind2=" ">
    <subfield code="a">7</subfield>
    <subfield code="b">cbc</subfield>
    <subfield code="c">origode</subfield>
    <subfield code="d">3</subfield>
    <subfield code="e">ncip</subfield>
    <subfield code="f">19</subfield>
    <subfield code="g">y-gencatlg</subfield>
  </datafield>
  <datafield tag="942" ind1=" " ind2=" ">
    <subfield code="2">lcc</subfield>
    <subfield code="c">LL</subfield>
  </datafield>
  <datafield tag="999" ind1=" " ind2=" ">
    <subfield code="c">7958</subfield>
    <subfield code="d">7958</subfield>
  </datafield>
  <datafield tag="952" ind1=" " ind2=" ">
    <subfield code="0">0</subfield>
    <subfield code="1">0</subfield>
    <subfield code="2">lcc</subfield>
    <subfield code="4">0</subfield>
    <subfield code="7">0</subfield>
    <subfield code="a">UOE</subfield>
    <subfield code="b">UOE</subfield>
    <subfield code="c">GEN</subfield>
    <subfield code="d">2015-05-19</subfield>
    <subfield code="l">0</subfield>
    <subfield code="o">SF180 .W47 1990</subfield>
    <subfield code="p">10048296</subfield>
    <subfield code="r">2026-04-27 12:15:18</subfield>
    <subfield code="t">10048296</subfield>
    <subfield code="w">2015-05-19</subfield>
    <subfield code="y">LL</subfield>
  </datafield>
</record>
